00771nam a2200181 a 450000100100000000500170001000800410002704000250006808200160009324500930010926000470020230000210024959000750027070000310034504900090037695201870038599900170057200003571720200930074545.0111109s1953 ve 000 0 spa d aDO-SdBNPbspacBNPHU axxxxbM552p00aPresencia de Ivan P. Pavlov /cpresentación, recopilación y notas Alberto L. Merani. aMerida :bUniversidad de los Andes,c1953. a222 p. ;c20 cm. aPerteneció a la biblioteca personal de Juan Isidro Jimenes Grullón12aMerani, Alberto L.,960349 aBNGR 001050718MOaGRbGRcCTd2011-11-09iLF1l0oxxxx M552pp35717-10r2020-06-25w2020-06-25y1zPerteneció a la biblioteca personal de Juan Isidro Jimenes GrullónZNo se presta c35208d35208